| 000 | 00537nam a2200169Ia 4500 | ||
|---|---|---|---|
| 008 | 100122s9999 xx 000 0 und d | ||
| 082 |
_b69589 _a823.08 |
||
| 100 | _aबोरुडे संजय | ||
| 245 | _aआत्मा फिक्सिंग | ||
| 260 |
_bप्राजक्त _c2006 |
||
| 300 | _a152 | ||
| 520 | _aविनोदी कथा | ||
| 620 | _aविनोदी कथा | ||
| 630 | _aआत्मा फिक्सिंग | ||
| 730 | _aआत्मा फिक्सिंग | ||
| 942 | _cBOOK | ||
| 999 |
_c440855 _d440852 |
||